Modern Economics : an introduction for business and professional students

Bibliographic Details
Main Author: Harvey, J.
Format: Book
Published: London : MacMillan , 1974
Edition:2nd ed.
Subjects:

MARC

LEADER 00000cam a2200000 7i4500
001 0000009556
005 20160930.0
040 |a INS 
090 0 0 |a HB171.5   |b H37 1974 
100 0 |a Harvey, J. 
245 0 0 |a Modern Economics :   |b an introduction for business and professional students   |c by J. Harvey 
250 |a 2nd ed. 
260 |a London :   |b MacMillan ,   |c 1974 
300 |a 557p ;   |c 21cm. 
650 0 0 |a Economics 
999 |a 0000023452   |b BOOK   |c Open Shelf   |e Default branch